MDQL
is popping MORE tags! Check the
thread
!
Quizzes
Events
Quiz Creation
Community
Videos
Private Events
Remove Ads
Sign In
Join for FREE
Feedback
Dark Mode
Quiz Categories
Sports
Geography
Music
Movies
Television
Just For Fun
Miscellaneous
History
Literature
Language
Science
Gaming
Entertainment
Religion
Holiday
For Kids
Quiz Lab
Recent
Popular Today
Quiz Kudos Today
Editor Picks
Curator Picks
Quizzes by...
Day
Popularity
Type
Ratings
Length
Year
Community
Subscriptions
Recent Discussions
Orange Saloon
Badges
Playlists
Quests
Create
Leaderboards
Showdown
Live 5
Trivia Bingo
Activity
Puzzle Library
Sporcle Events
Private Events
Virtual Trivia
Globe League
Become a Host
Pub Owners
SporcleCon
Opinionation
Our Games
Videos
Blog
Mobile Apps
Partnerships
Remove Ads and Go Orange
Feedback
Music
Pop Music
The Beatles
Song
Album
Lyrics
Bands
Singers
Artist
Clip
Rock
Rap
Classical
Billboard
Country Music
Kpop
Taylor Swift
Music
Pop Music
The Beatles
Song
Album
Lyrics
Bands
Singers
Artist
Clip
Rock
Rap
Classical
Billboard
Country Music
Kpop
Taylor Swift
Random Quiz
Search Sporcle
×
Quiz Lab
Quiz Lab
Music
Singers
Type answers based on single images at one time
Type answers based on single images at one time
Slideshow
Best Score? Go Orange.
Singers 'N' Slideshow Stats
Can you name the singers' whose names begin with 'N'?
By
hopalcirace
10m
26 Questions
150 Plays
150 Plays
150 Plays
Comments
Comments
Give Quiz Kudos
Give Quiz Kudos
-
- Ratings
hide this ad
More Info
Replay
Link that replays current quiz
Next Quiz
Link to next quiz in quiz playlist
You Got
0%
They Got
Avg Score
38%
Avg Friend Score
Upgrade to see
Score Distribution
Jump to the score distribution portion of the page
Score
0/26
Timer
10:00
0
Plays Today
% Correct
Nick Jonas
85.3%
Nicki Minaj
82.7%
The Notorious B.I.G.
68.7%
Niall Horan
61.3%
Neil Diamond
58%
Nicole Scherzinger
56.7%
Nelly
48.7%
Nelly Furtado
48%
Natalie Imbruglia
48%
Natasha Bedingfield
45.3%
Neil Young
44.7%
Normani Kordei
40.7%
Nina Simone
40%
% Correct
Naya Rivera
38%
Nick Carter
36.7%
Noah Cyrus
30%
Nadine Coyle
28%
Norah Jones
26%
Nathan Sykes
24.7%
Natalie La Rose
21.3%
Nancy Sinatra
19.3%
Nicola Roberts
16.7%
Natalie Horler
16.7%
Natalie Cole
16%
Nicky Jam
6%
Nick Fradiani
5.3%
Quiz Playlist
Details
Report
Send in Message
Add To Playlist
More Info:
Try to guess the 'N' named singers!
Slideshow:
Type answers based on single images at one time
Last Updated: Mar 24, 2017
Quiz Scoreboard
CHALLENGE
Sign Up to Join the Scoreboard
Show All
Scores
Hide
Comments
May contain spoilers
Recently Published
1-10 Letter E Words III
by El_Dandy
Language
2m
Street Fighter Characters
by Artimus82
Gaming
60s
College Basketball Coaching Resumes
by pancakes188
Sports
9m
More to Explore
Quiz From the Vault
Featured Blog Post
Where Did the Easter Bunny Come From?
hide this ad
You Might Also Like...
Tags
Singers Quiz
Letter N
Rapper
Slideshow
Today's Top Quizzes in Music
Browse Music
hide this ad
Today's Top Quizzes in Singers
Browse Singers
Top Contributed Quizzes in Music
1
Taylor Swift All Songs (2024)
2
Taylor Swift Logic Puzzle
3
Guess the Artist- 70s Songs
4
7-to-1: Billboard Hot 100 #1 Hits of 2010s
5
Sorting Albums and Songs
6
KPOP LOGIC QUIZ
7
Billboard Blitz: Aretha Franklin
8
Guess the Taylor Swift song (Mystery Song)
9
Guess The Taylor Swift Lyrics Song #1
10
Billboard Blitz: ABBA
Explore More
Trending Topics
Marvel
Anime
Crossword
NBA
Disney
Kpop
Harry Potter
NFL
The Office
Puzzle
Pokémon
Soccer
Song
WWE
Country
hide this ad
More By:
hopalcirace
Quiz
Plays
Rating
Category
Featured
Created
Female Singers #1 Songs
17,873
4.31
Music
Jan 11, 2017
Guess The Song: Little Mix
9,691
4.00
Music
Jan 1, 2017
Little Mix Songs By Letter
6,796
3.67
Music
Aug 10, 2017
The Ultimate Little Mix Quiz
5,428
2.33
Music
Mar 11, 2017
Little Mix: Who Sang It?
4,688
5.00
Music
Apr 21, 2017
Go to Creator's Profile
Score Distribution
Quiz Creator Spotlight
hopalcirace
Follow
Send a Message
Quizzes Created
-
Created Quiz Play Count
-
More By This Creator
Popular Quizzes Today
1
Find the US States - No Outlines Minefield
2
Find the Countries of Europe - No Outlines Minefield
3
The Countries of the World
4
Find the US States
5
Risky Map Clicking: Biggest States A-Z
6
US States
7
Popular People in 1961
8
Movies - When Are They Set?
More Music Quizzes
Focus on Lyrics: Celebrities
Curator's Pick
Trending Quizzes
Risky Map Clicking: Least Populous States A-Z
Billboard Blitz: Aretha Franklin
1-10 Letter G Words
Countries of the World: 200 Million BC
1-10 Letter F Words
Recently Updated
Leaping Animals
pecheneg
Reality TV Shows (A-Z)
bhenderson79
Rickey Henderson's Hall of Fame Teammates
pecheneg
Champions League XIs: Arsenal
pecheneg
Quick Pick: Celebrities in WWE's Hall of Fame
aduchscher
A-Z Keypad Blitz II
pecheneg
Multiple Oscar Actors
pecheneg
Mystery Phrase Blitz: Oscar 'Best Actors'
pecheneg
F. Scott Fitzgerald Novels
LTH
Pick 3 Villains
ddd62291
Trending Topics
Crossword
Marvel
Harry Potter
Kpop
Disney
NBA
Anime
Puzzle
Song
Soccer
The Office
WWE
Country
Pokémon
NFL
Your Account Isn't Verified!
In order to create a playlist on Sporcle, you need to verify the email address you used during registration. Go to your
Sporcle Settings
to finish the process.
Report this User
Report this user for behavior that violates our
Community Guidelines
.
Details:
Send Report
Go to the Sporcle.com Mobile Site →
Comments